'Green' Things Quiz Stats

 Plays Quiz Updated Apr 21, 2019

Score 0/20 Timer 04:00
30 Plays Today
% Correct
Green Beans
94.3%
Green Day
91.2%
Green Tea
90.4%
Green Eggs and Ham
86.8%
Green Screen
86.8%
Green Giant
86.2%
Green Lantern
85.4%
Green Bay Packers
84.8%
Putting Green
81.6%
Rachel Green
81%
% Correct
The Green Mile
80.2%
Greenland
75.2%
Green Card
70.3%
Green Berets
65%
Greenpeace
63.9%
Seth Green
61%
The Green Hornet
50.7%
Greenback
50.4%
Green Book
47.6%
Soylent Green
34.4%

You're not logged in!

Compare scores with friends on all Sporcle quizzes.
OR
Log In

Sporcle TV

Today on Sporcle TV


Watch our educational content, quiz creation guides, and fun videos on Sporcle TV.

Show Comments

Extras

Top Quizzes Today


Score Distribution

Your Account Isn't Verified!

In order to create a playlist on Sporcle, you need to verify the email address you used during registration. Go to your Sporcle Settings to finish the process.

Report this User

Report this user for behavior that violates our Community Guidelines.

Details: